Movies Quiz

Random Movies or Clickable Quiz

Oscar Winning Actors Pop Quiz Stats

Quiz Updated Mar 5, 2018

Challenge
Share
Tweet
Embed
Score 0/80 Timer 10:00
1 Play Today
% Correct
Tom Hanks
91.7%
Jack Nicholson
90.9%
Daniel Day-Lewis
90.7%
Robert De Niro
90.5%
Dustin Hoffman
90.4%
Marlon Brando
89.9%
Denzel Washington
89.8%
Anthony Hopkins
89.6%
Al Pacino
89.3%
Russell Crowe
89%
Sean Penn
88.9%
Philip Seymour Hoffman
87%
Kevin Spacey
87%
Ben Kingsley
86.1%
Paul Newman
85.3%
Forest Whitaker
85%
Jamie Foxx
85%
Sidney Poitier
84.7%
Laurence Olivier
84.4%
Henry Fonda
84.4%
Gregory Peck
83.6%
Gene Hackman
83.3%
Humphrey Bogart
83.3%
Adrien Brody
83.1%
Colin Firth
83%
Jeff Bridges
81.9%
James Stewart
81.3%
Michael Douglas
80.7%
Robert Duvall
79.9%
Geoffrey Rush
79.4%
Jack Lemmon
79.4%
Clark Gable
78.4%
Charlton Heston
78.3%
Jon Voight
77.7%
Gary Oldman
77.5%
Spencer Tracy
77.2%
John Wayne
77.1%
Jeremy Irons
77%
Casey Affleck
76.5%
Richard Dreyfuss
76.4%
% Correct
George C. Scott
76.4%
Alec Guinness
75.2%
William Hurt
74.8%
Eddie Redmayne
74.4%
Gary Cooper
74.3%
Roberto Benigni
73%
Nicolas Cage
72.7%
Burt Lancaster
70.3%
Yul Brynner
70.1%
James Cagney
68.6%
Ernest Borgnine
68.4%
Matthew McConaughey
68.2%
F. Murray Abraham
67.7%
William Holden
67%
Rex Harrison
64.6%
Peter Finch
64%
Lionel Barrymore
61.6%
Rod Steiger
59.1%
David Niven
58.9%
Maximilian Schell
57.8%
Charles Laughton
57.7%
Bing Crosby
57.1%
Cliff Robertson
55.2%
Lee Marvin
54.9%
Paul Scofield
53.5%
Fredric March
53%
Art Carney
52%
Ray Milland
51.7%
Broderick Crawford
49.6%
José Ferrer
48.9%
Emil Jannings
46.9%
Paul Muni
46.8%
Robert Donat
45.9%
Wallace Beery
45.5%
Leonardo DiCaprio
43.5%
Ronald Colman
42.9%
George Arliss
42.2%
Victor McLaglen
41.9%
Warner Baxter
40%
Paul Lukas
39.7%

You're not logged in!

Compare scores with friends on all Sporcle quizzes.
Sign Up with Email
OR
Log In

You Might Also Like...

Show Comments

Extras

Top Quizzes Today


Score Distribution

Your Account Isn't Verified!

In order to create a playlist on Sporcle, you need to verify the email address you used during registration. Go to your Sporcle Settings to finish the process.

Report this User

Report this user for behavior that violates our Community Guidelines.

Details: